| 000 | 00622nam a2200193 a 4500 | ||
|---|---|---|---|
| 001 | 000041771 | ||
| 005 | 20201002035738.0 | ||
| 008 | 131017s1998 cl 000 0 spa d | ||
| 040 |
_aDO-SdBNP _bspa _cBNPHU |
||
| 082 |
_axxx _bxxx |
||
| 100 | 1 |
_aSanta Ana, Antonio _d1963- _968628 |
|
| 245 | 1 | 4 |
_aLos ojos del perro siberiano / _cAntonio Santa Ana. |
| 260 |
_aBogotá : _bNorma, _c1998. |
||
| 300 |
_a132 p. ; _c21 cm. |
||
| 490 | 1 | _aZona libre | |
| 500 | _aIncluye datos bigráficos del autor en la solapa de la cubierta. | ||
| 500 | _aLa biblioteca posee la quinta reimpresión del 2002. | ||
| 830 | 0 |
_aZona libre _913266 |
|
| 999 |
_c41260 _d41260 |
||